000 00353nam a22001577a 4500
999 _c4558
_d4556
005 20210807143202.0
008 160628b xxu||||| |||| 00| 0 eng d
020 _a978-0-07-065646-8
041 _aeng
082 _b10955
_a658.11
245 _aENTREPRENEUR'S TOOLKIT
260 _bHarvard
300 _a234
650 _aManagement
_9241
942 _cBK